Movies Cut Off at B Quiz Stats

Quiz Updated Jun 6, 2012

Challenge
Share
Tweet
Embed
Score 0/30 Timer 05:00
6 Plays Today
Cut Off at B Movie Title % Correct
MRS. DOUMrs. Doubtfire
94.9%
MEN INMen in Black
94.1%
PUSS INPuss in Boots
93.6%
YELLOW SUYellow Submarine
92.6%
WHITE ZOMWhite Zombie
91.7%
IN COLDIn Cold Blood
88.8%
RAGINGRaging Bull
88.1%
ROSEMARY'SRosemary's Baby
82%
EXCALIExcalibur
79.9%
HOT TUHot Tub Time Machine
79.8%
OUR IDIOTOur Idiot Brother
79.5%
ERINErin Brockovich
74%
WILD STRAWWild Strawberries
71%
KISS KISSKiss Kiss Bang Bang
67.6%
AIN'T MISAin't Misbehavin'
64.9%
Cut Off at B Movie Title % Correct
SLINGSling Blade
61%
JACKIEJackie Brown
60%
MEATMeatballs
56.3%
DONNIEDonnie Brasco
56.1%
RIO LORio Lobo
50.1%
THE PAWNThe Pawnbroker
49.1%
THE SAND PEThe Sand Pebbles
48.8%
EVERY WHICH WAYEvery Which Way But Loose
47%
THE GODS MUSTThe Gods Must Be Crazy
46.8%
MISTER ROMister Roberts
42.7%
DON'T LOOK IN THEDon't Look in the Basement
25.6%
THE OX-The Ox-Bow Incident
24%
THE MAGNIFICENT AMThe Magnificent Ambersons
19.8%
THRONE OF Throne of Blood
18.2%
THE PALMThe Palm Beach Story
7%

You're not logged in!

Compare scores with friends on all Sporcle quizzes.
Join for Free
OR
Log In

You Might Also Like...

Show Comments

Extras

Top Quizzes Today


Score Distribution

Your Account Isn't Verified!

In order to create a playlist on Sporcle, you need to verify the email address you used during registration. Go to your Sporcle Settings to finish the process.

Report this User

Report this user for behavior that violates our Community Guidelines.

Details: